<?xml version="1.0" encoding="UTF-8"?>
<collection xmlns="http://www.loc.gov/MARC21/slim">
 <record>
  <leader>01111nam a2200193 a 4500</leader>
  <controlfield tag="008">100601s2002    bg            000 0 eng d</controlfield>
  <datafield tag="020" ind1=" " ind2=" ">
   <subfield code="a">9848820167</subfield>
  </datafield>
  <datafield tag="040" ind1=" " ind2=" ">
   <subfield code="a">BD-DhAAL</subfield>
   <subfield code="c">BD-DhAAL</subfield>
   <subfield code="d">BD-DhAAL</subfield>
  </datafield>
  <datafield tag="082" ind1="0" ind2="0">
   <subfield code="a">343.09/9</subfield>
   <subfield code="2">22</subfield>
  </datafield>
  <datafield tag="245" ind1="1" ind2="0">
   <subfield code="a">সংবাদপত্রের সাংবাদিকদের জন্যে :</subfield>
   <subfield code="b">সংশ্লিষ্ট আইন, নীতিমালা ও ঘোষনার সংকলন/</subfield>
   <subfield code="c">সংকলন,জান্নাতুল ফেরদৌস স্নিগ্ধা.</subfield>
  </datafield>
  <datafield tag="260" ind1=" " ind2=" ">
   <subfield code="a">ঢাকা :</subfield>
   <subfield code="b">ম্যাস লাইন মিডিয়া সেন্টার,</subfield>
   <subfield code="c">২০০২</subfield>
  </datafield>
  <datafield tag="300" ind1=" " ind2=" ">
   <subfield code="a">১২৬ পৃ. ; </subfield>
   <subfield code="c">১৮ সে.মি.</subfield>
  </datafield>
  <datafield tag="541" ind1="1" ind2=" ">
   <subfield code="e">00020098</subfield>
  </datafield>
  <datafield tag="650" ind1=" " ind2="0">
   <subfield code="a">Press Law.</subfield>
  </datafield>
  <datafield tag="650" ind1=" " ind2="0">
   <subfield code="a">Mass media</subfield>
   <subfield code="a">Law and legislation.</subfield>
  </datafield>
  <datafield tag="700" ind1="1" ind2="0">
   <subfield code="a"> স্নিগ্ধা, জান্নাতুল ফেরদৌস. </subfield>
  </datafield>
  <datafield tag="852" ind1="4" ind2=" ">
   <subfield code="a">Ayesha Abed Library </subfield>
   <subfield code="j">General shelf</subfield>
  </datafield>
  <datafield tag="999" ind1=" " ind2=" ">
   <subfield code="c">8782</subfield>
   <subfield code="d">8782</subfield>
  </datafield>
  <datafield tag="952" ind1=" " ind2=" ">
   <subfield code="0">0</subfield>
   <subfield code="1">4</subfield>
   <subfield code="2">ddc</subfield>
   <subfield code="4">0</subfield>
   <subfield code="6">343_099000000000000_SON</subfield>
   <subfield code="7">0</subfield>
   <subfield code="9">10647</subfield>
   <subfield code="a">JATRI</subfield>
   <subfield code="b">JATRI</subfield>
   <subfield code="c">GEN</subfield>
   <subfield code="d">2010-06-03</subfield>
   <subfield code="g">42.00</subfield>
   <subfield code="l">0</subfield>
   <subfield code="o">343.099 SON</subfield>
   <subfield code="p">3040020098</subfield>
   <subfield code="r">2010-06-03</subfield>
   <subfield code="t">1</subfield>
   <subfield code="w">2010-06-03</subfield>
   <subfield code="y">BK</subfield>
   <subfield code="x">Koha Inventory 2020</subfield>
  </datafield>
 </record>
</collection>
